000
00276nam a22001097a 4500
999
_c
163228
_d
163228
082
_a
_b
100
_a
Nolan E H
245
_a
History of the british empire in India and the east (v.2)/
_c
by Nolan E H.
260
_a
New Delhi:
_b
Discover,
_c
1987.
650
_a
942
_c
BK